Resource library:readings in the life sciences.V10. (Record no. 179978)

MARC details
000 -LEADER
fixed length control field 00520nam a2200181Ia 4500
008 - FIXED-LENGTH DATA ELEMENTS--GENERAL INFORMATION
fixed length control field 210707s1976 xx 000 0 und d
041 ## - LANGUAGE CODE
Language code of text/sound track or separate title eng
082 ## - DEWEY DECIMAL CLASSIFICATION NUMBER
Classification number 570 SCIR
100 ## - MAIN ENTRY--PERSONAL NAME
Personal name SCIENTIFIC AMERICAN
245 ## - TITLE STATEMENT
Title Resource library:readings in the life sciences.V10.
260 ## - PUBLICATION, DISTRIBUTION, ETC.
Place of publication, distribution, etc. Bombay
Name of publisher, distributor, etc. Taraporevala Publishing Industries Pvt Ltd.,
Date of publication, distribution, etc. 1976
300 ## - PHYSICAL DESCRIPTION
Extent xxii,3653-4055 p
365 ## - TRADE PRICE
Price amount 22
Currency code INR
440 ## - SERIES STATEMENT/ADDED ENTRY--TITLE
Volume/sequential designation 10
563 ## - BINDING INFORMATION
Binding note HB
650 ## - SUBJECT ADDED ENTRY--TOPICAL TERM
Topical term or geographic name entry element Biology
906 ## - LOCAL DATA ELEMENT F, LDF (RLIN)
a Life Science Scientific American Resource Library
Holdings
Withdrawn status Lost status Damaged status Not for loan Collection code Home library Current library Date acquired Cost, normal purchase price Total Checkouts Full call number Barcode Date last seen Price effective from Koha item type
      Reference Book   St Aloysius Library St Aloysius Library 09/20/1976 22.00   570 SCIR BB03311 07/08/2021 07/08/2021 Book Bank